| 000 | 00981nam a22003497a 4500 | ||
|---|---|---|---|
| 001 | BR2020000112 | ||
| 003 | BR-BrBNA | ||
| 005 | 20230928105504.0 | ||
| 007 | ta | ||
| 008 | 230509b bl.||||| |||| 00| 0 por d | ||
| 020 | _a978-85-85014-88-9 | ||
| 040 |
_aBR-BrBNA _bpor _cBiblioteca Nacional de Agricultura |
||
| 041 | _a(Por) | ||
| 072 |
_aM12 _b8420 |
||
| 090 | _ 8420 BR2020000112 | ||
| 100 | 1 | _aSuplicy, F.M. | |
| 110 | 1 | _aEmpresa de Pesquisa Agropecuária e Extensão Rural de Santa Catarina, Florianópolis (Brasil) | |
| 245 | 1 | _aCultivo de mexilhões: sistema contínuo e mecanizado | |
| 260 | 3 |
_aFlorianópolis, SC (Brasil): _c2017. |
|
| 300 | _a124 p. | ||
| 500 | _a29 ref.; 96 illus; 9 tables | ||
| 650 | _aOCEANOGRAFIA | ||
| 650 | _aMECANIZAÇÃO | ||
| 650 | _aMOLUSCO | ||
| 650 | _aMEXILHÃO | ||
| 650 | _aSEMENTE | ||
| 650 | _aMANEJO | ||
| 650 | _aENGORDA | ||
| 650 | _aINVESTIMENTO | ||
| 909 |
_a202309 _bLucia _c55 _dLucia Elande |
||
| 942 | _cBK | ||
| 999 |
_c85359 _d85359 |
||